Does one size fit all? : the Sierra Leone Truth and Reconciliation Commission revisited /

محفوظ في:
التفاصيل البيبلوغرافية
المؤلف الرئيسي: Sesay, Amadu
التنسيق: كتاب
منشور في: Uppsala : Nordiska Afrikainstitutet, 2007.
الموضوعات:
الوسوم: إضافة وسم
لا توجد وسوم, كن أول من يضع وسما على هذه التسجيلة!

MARC

LEADER 00000cam a2200000 a 4500
020 |a 9789171065865 (pbk.)  |c TZS 4000/= 
040 |a MUL  |b eng  |e AACR 
082 |a 303.69664 SES 
100 1 |a Sesay, Amadu. 
240 |a Discussion paper 36 
245 1 0 |a Does one size fit all? :  |b the Sierra Leone Truth and Reconciliation Commission revisited /  |c Amadu Sesay. 
260 |a Uppsala :  |b Nordiska Afrikainstitutet,  |c 2007. 
300 |a 56 p. :  |b ill. ;  |c 24 cm. 
650 0 |a Truth commissions  |z Sierra Leone. 
650 0 |a Reconciliation. 
942 |c BK 
999 |c 7467  |d 7467